000 00655nam a2200229 a 4500
008
020 _a0471006890 (pbk.)
049 _aMAIN
090 _aQC21.2
_bBEN
100 1 _aBenson, Harris.
245 1 0 _aUniversity physics /
_cHarris Benson.
250 _aRevised ed.
260 _aNew York :
_bJohn Wiley and Sons,
_c1991.
300 _axvi, 926, [A1]-A29, [C1]-C4, [I1]-I15 p. :
_bill. (some col.) ;
_c27 cm.
500 _aIncludes index.
650 0 _aPhysics.
907 _a.b10000781
_b23-09-16
_c17-04-03
003
005 20230123134151.0
040 _cNUST
942 _cBOOKS
_kQC21.2
_mBEN
999 _c161206
_d161206